| 000 | 00541cam a2200205 4500 | ||
|---|---|---|---|
| 001 | 1777857 | ||
| 005 | 20180309041106.0 | ||
| 008 | 700416s1969 mau b 000 0 eng | ||
| 010 | _a 77085749 | ||
| 040 |
_aDLC _cDLC _dDLC |
||
| 041 | _aeng | ||
| 080 | _a338.1 | ||
| 082 | 0 | 0 | _a338.1 DOU |
| 100 | 1 | _a16 | |
| 101 | _aHIS | ||
| 245 | 1 | 0 |
_aAgrarianism in American history, _cedited with an introd. by Louis H. Douglas. |
| 504 | _aBibliography: p. 209-211. | ||
| 906 |
_a7 _bcbc _corignew _du _encip _f19 _gy-gencatlg |
||
| 942 |
_2ddc _cBK |
||
| 999 |
_c44553 _d44553 |
||